Dow's fire & explosion index : hazard classification guide /
Guardado en:
| Autores Corporativos: | , |
|---|---|
| Formato: | Libro |
| Idioma: | English |
| Publicado: |
New York, N.Y. :
AiCHE,
c1994.
|
| Edición: | 7th ed. |
| Materias: | |
| Etiquetas: |
Agregar Etiqueta
Sin Etiquetas, Sea el primero en etiquetar este registro!
|
| LEADER | 00921nam a22002415a 4500 | ||
|---|---|---|---|
| 001 | EIQ.libpla002832 | ||
| 008 | 070830s1994####nyua##########000#0#eng#d | ||
| 005 | 20070830193304.0 | ||
| 245 | 1 | 0 | |a Dow's fire & explosion index : |b hazard classification guide / |c American Institute of Chemical Engineers. |
| 250 | |a 7th ed. | ||
| 260 | |a New York, N.Y. : |b AiCHE, |c c1994. | ||
| 300 | |a 83 p. : |b il., tablas, figuras ; |c 28 cm. | ||
| 500 | |a "AIChE technical manual"--t.p. | ||
| 020 | |a 0816906238 (pbk.) | ||
| 710 | 2 | |a Dow Chemical Company. | |
| 246 | 3 | |a Fire & explosion index hazard classification guide | |
| 650 | 4 | |a Explosiones |x Prevención. | |
| 650 | 4 | |a Explosiones |x Prevención contra incendios. | |
| 650 | 4 | |a Explosions |x Prevention. | |
| 650 | 4 | |a Explosions |x Fire prevention. | |
| 040 | |a AR-BbSID |b spa |c AR-BbSID | ||
| 110 | 2 | |a American Institute of Chemical Engineers. | |
| 859 | |a AR-BbSID |b BIB. PLAPIQUI |h 660.280 4 |i Am 39 |p 5223 | ||
